| 000 | 00404cam a22001337a 4500 | ||
|---|---|---|---|
| 008 | 180718b1992 xxu||||| |||| 00| 0 eng d | ||
| 100 | _aAkiyama, Takamasa | ||
| 245 |
_aIs there a case for an optimal export tax on perennial crops? _cby Takamasa Akiyama |
||
| 260 |
_aWashington, D.C. _bIBRD _c1992 |
||
| 300 | _a39p. | ||
| 440 | _aWorking Papers WPS 854 | ||
| 650 | _aPerennials | ||
| 650 | _aExport duties | ||
| 999 |
_c226233 _d226233 |
||